000 00877nam a2200253Ia 4500
003 OSt
005 20220923223736.0
006 a|||||r|||| 00| 0
007 ta
008 220922b |||||||| |||| 00| 0 hin d
024 _a221,036
037 _cTextual
040 _aARTS
_cARTS
_bhin
041 _2hin
_ahin
082 _aQ2:4x1,1, 152P4
100 _aप्रलयšर, प्रवीण, अनु एवं व्याख्
_9167569
245 0 _aमनुस्मृतिः
246 _ahinusmṛutiah
260 _aदिल्ली
_b न्यू भारतीय बुक कॉर्पोरेशन
_c2004
300 _a1314पृ.
_ccm.
650 _aधर्म
942 _hQ2:4x1,1, 152P4
_cTEXL
_2CC
999 _c367178
_d367178